[Event "Benidorm op U2000 17th"]
[Site "Benidorm"]
[Date "2018.12.01"]
[Round "2"]
[White "Rionda Medio, Angel Arturo"]
[Black "Tirado Parra, Alberto"]
[Result "1-0"]
[WhiteElo "1971"]
[BlackElo "1827"]
[PlyCount "131"]
[EventDate "2018.11.30"]
[EventType "swiss"]
[EventRounds "10"]
[EventCountry "ESP"]
[SourceTitle "EXT 2022"]
[Source "ChessBase"]
[SourceDate "2021.10.06"]
[SourceVersion "1"]
[SourceVersionDate "2021.10.06"]
[SourceQuality "1"]

1. e4 e6 2. d4 d5 3. Nc3 Nf6 4. e5 Nfd7 5. f4 c5 6. Nf3 Nc6 7. Be3 Qb6 8. Qd2 Qxb2 9. Rb1 Qa3 10. Rb3 Qa5 11. Rb5 Qc7 12. Be2 a6 13. Rb1 b5 14. 0-0 cxd4 15. Nxd4 Nxd4 16. Bxd4 Bc5 17. Kh1 0-0 18. Bg4 Bxd4 19. Qxd4 Nb6 20. a4 Nxa4 21. Nxa4 bxa4 22. Qxa4 Bd7 23. Qa2 Rfc8 24. Rbc1 Bb5 25. Rfd1 Qc4 26. Qxc4 Rxc4 27. g3 Rac8 28. Rd2 Rc3 29. Be2 Bxe2 30. Rxe2 h5 31. Ra1 R8c6 32. Ra2 Kh7 33. Kg2 a5 34. Kh3 a4 35. Kh4 a3 36. Kxh5 Rb6 37. Re1 Rb2 38. Rea1 Rxa2 39. Rxa2 Kg8 40. Kg4 Kf8 41. h4 g6 42. Ra1 Ke7 43. Ra2 Kd7 44. Ra1 Kc6 45. Ra2 Kc5 46. Kg5 Rxg3+ 47. Kf6 d4 48. Kxf7 Kd5 49. Ra1 Rg4 50. Rxa3 Rxf4+ 51. Kxg6 Rxh4 52. Ra5+ Kc4 53. Kf6 Rh6+ 54. Ke7 Kc3 55. Rc5+ Kd2 56. Rc4 Ke3 57. Kd6 Rg6 58. Rc8 Kd2 59. Rc4 Ke3 60. Ke7 Rh6 61. Rc6 Kd2 62. Rd6 Kc3 63. Kf7 Rh2 64. Rc6+ Kb2 65. Rc4 Rd2 66. Kxe6 1-0

[Event "Collado Villalba op-B 35th"]
[Site "Collado Villalba"]
[Date "2018.08.27"]
[Round "4"]
[White "Tirado Parra, Alberto"]
[Black "Munoz Morato, Miguel"]
[Result "0-1"]
[WhiteElo "1837"]
[BlackElo "1708"]
[PlyCount "24"]
[EventDate "2018.08.24"]
[EventType "swiss"]
[EventRounds "9"]
[EventCountry "ESP"]
[SourceTitle "CBM 186 Extra"]
[Source "ChessBase"]
[SourceDate "2018.08.24"]
[SourceVersion "1"]
[SourceVersionDate "2018.08.24"]
[SourceQuality "1"]

1. e4 e6 2. d3 d5 3. Nd2 Nf6 4. Ngf3 Be7 5. g3 0-0 6. Bg2 dxe4 7. dxe4 Nc6 8. e5 Ng4 9. Qe2 Qd5 10. Nc4 Nd4 11. Ne3 Nxe3 12. Bxe3 Nxe2 0-1

[Event "Madrid-ch Previa-B"]
[Site "Madrid"]
[Date "2018.02.23"]
[Round "8"]
[White "Baeza Escudero, Javier"]
[Black "Tirado Parra, Alberto"]
[Result "1-0"]
[WhiteElo "1884"]
[BlackElo "1804"]
[PlyCount "89"]
[EventDate "2018.02.01"]
[EventType "swiss"]
[EventRounds "9"]
[EventCountry "ESP"]
[SourceTitle "EXT 2020"]
[Source "ChessBase"]
[SourceDate "2019.10.17"]
[SourceVersion "1"]
[SourceVersionDate "2019.10.17"]
[SourceQuality "1"]

1. e4 e5 2. Nf3 Nc6 3. d4 exd4 4. Nxd4 Bb4+ 5. c3 Bc5 6. Nb3 Bb6 7. c4 d6 8. Nc3 Qf6 9. Qe2 Nge7 10. Be3 Bxe3 11. Qxe3 0-0 12. 0-0-0 Be6 13. f4 g6 14. Be2 a5 15. a4 Nb4 16. g4 Rfd8 17. f5 Bd7 18. h4 Nec6 19. g5 Qe5 20. h5 Bxf5 21. Qf3 Be6 22. Rhg1 Ne7 23. hxg6 fxg6 24. Nd4 Rf8 25. Qe3 Bd7 26. Rdf1 Nf5 27. Nxf5 Rxf5 28. Nb5 Na6 29. Bd3 Raf8 30. Rxf5 Rxf5 31. Bc2 Bxb5 32. cxb5 Nc5 33. Bb3+ Kg7 34. Bd5 Rf4 35. Qh3 Nxa4 36. Qd7+ Kf8 37. Qd8+ Qe8 38. Qxc7 Rf2 39. Qxd6+ Qe7 40. Qb8+ Qe8 41. Qxb7 Nxb2 42. Rg3 Qe5 43. Qc8+ Ke7 44. Qc5+ Kd8 45. Qxf2 1-0

[Event "Tres Cantos op 9th"]
[Site "Tres Cantos"]
[Date "2017.06.24"]
[Round "3"]
[White "Cabrera Jordan, Esteban"]
[Black "Tirado Parra, Alberto"]
[Result "0-1"]
[WhiteElo "1505"]
[BlackElo "1863"]
[PlyCount "49"]
[EventDate "2017.06.22"]
[EventType "swiss"]
[EventRounds "9"]
[EventCountry "ESP"]
[SourceTitle "EXT 2019"]
[Source "ChessBase"]
[SourceDate "2018.10.10"]
[SourceVersion "1"]
[SourceVersionDate "2018.10.10"]
[SourceQuality "1"]

1. d4 f5 2. Bg5 g6 3. Nf3 Bg7 4. c3 Nh6 5. Qc2 Nf7 6. Bf4 d6 7. e4 e5 8. dxe5 dxe5 9. Bg3 f4 10. Bh4 g5 11. Nxg5 Nxg5 12. Nd2 Be6 13. 0-0-0 Bf6 14. f3 Qe7 15. Nc4 Nc6 16. Qb3 Rb8 17. Qc2 0-0 18. Kb1 Nxe4 19. Qxe4 Bxh4 20. Nxe5 Bf5 21. Bc4+ Kh8 22. Nf7+ Rxf7 23. Bxf7 Bxe4+ 24. fxe4 Qxf7 25. Rhf1 0-1

[Event "Madrid-ch Previa-A"]
[Site "Madrid"]
[Date "2017.02.20"]
[Round "7"]
[White "Tirado Parra, Alberto"]
[Black "Lopez Heras, Arturo"]
[Result "0-1"]
[WhiteElo "1903"]
[BlackElo "1862"]
[PlyCount "76"]
[EventDate "2017.02.06"]
[EventType "swiss"]
[EventRounds "9"]
[EventCountry "ESP"]
[SourceTitle "CBM 177 Extra"]
[Source "ChessBase"]
[SourceDate "2017.04.27"]
[SourceVersion "1"]
[SourceVersionDate "2017.04.27"]
[SourceQuality "1"]

1. f4 d5 2. Nf3 Nf6 3. e3 g6 4. Be2 Bg7 5. 0-0 0-0 6. d3 b6 7. Nc3 Bb7 8. Ne5 d4 9. Bf3 c6 10. Ne2 dxe3 11. Bxe3 Nd5 12. Bf2 Nxf4 13. d4 Nxe2+ 14. Qxe2 Qd6 15. Rad1 Nd7 16. Qc4 Nxe5 17. dxe5 Qxe5 18. Rd7 Bc8 19. Bg3 Qxb2 20. Rxe7 Be6 21. Rxe6 Qd4+ 22. Qxd4 Bxd4+ 23. Kh1 fxe6 24. Rd1 e5 25. Bxc6 Rad8 26. c4 Kg7 27. h3 Rd6 28. Rxd4 Rxc6 29. Bxe5+ Kf7 30. Rf4+ Ke8 31. Rh4 h5 32. Bb8 a5 33. Re4+ Kd7 34. Bf4 Re8 35. Rd4+ Kc8 36. Bg5 Re2 37. a3 Rc2 38. Rd8+ Kb7 0-1

[Event "London Classic op 8th"]
[Site "London"]
[Date "2016.12.15"]
[Round "8"]
[White "Jamroz, Krzysztof"]
[Black "Tirado Parra, Alberto"]
[Result "1-0"]
[WhiteElo "2045"]
[BlackElo "1908"]
[PlyCount "53"]
[EventDate "2016.12.09"]
[EventType "swiss"]
[EventRounds "9"]
[EventCountry "ENG"]
[SourceTitle "CBM 176 Extra"]
[Source "ChessBase"]
[SourceDate "2017.03.02"]
[SourceVersion "1"]
[SourceVersionDate "2017.03.02"]
[SourceQuality "1"]

1. e4 d6 2. d4 Nf6 3. Nc3 Nbd7 4. f4 e5 5. Nf3 c6 6. a4 a5 7. Bc4 Nb6 8. Bb3 d5 9. fxe5 Nxe4 10. Nxe4 dxe4 11. Ng5 Nd5 12. 0-0 Be6 13. Nxe6 fxe6 14. Qh5+ g6 15. Qg4 Qd7 16. Qxe4 0-0-0 17. Bg5 Re8 18. c4 Nc7 19. Rad1 Bg7 20. Bd2 b6 21. Bg5 Rhf8 22. Rxf8 Rxf8 23. Be3 Rf5 24. Bc2 Rf8 25. Qh4 Qf7 26. Be4 Kb7 27. Qxh7 1-0

[Event "London Classic op 8th"]
[Site "London"]
[Date "2016.12.12"]
[Round "5"]
[White "Tirado Parra, Alberto"]
[Black "Peiris, TGM"]
[Result "0-1"]
[WhiteElo "1908"]
[BlackElo "2134"]
[PlyCount "54"]
[EventDate "2016.12.09"]
[EventType "swiss"]
[EventRounds "9"]
[EventCountry "ENG"]
[SourceTitle "CBM 176 Extra"]
[Source "ChessBase"]
[SourceDate "2017.03.02"]
[SourceVersion "1"]
[SourceVersionDate "2017.03.02"]
[SourceQuality "1"]

1. d4 d5 2. Bf4 c5 3. c3 Nc6 4. e3 Qb6 5. Qb3 c4 6. Qxb6 axb6 7. Na3 Bf5 8. Bc7 Ra6 9. f3 Kd7 10. Be5 e6 11. e4 Nxe5 12. dxe5 Bxa3 13. 0-0-0 Kc6 14. exf5 Bc5 15. fxe6 fxe6 16. Kb1 Bxg1 17. Rxg1 Ne7 18. g4 g5 19. h4 h6 20. h5 Raa8 21. b3 b5 22. a4 Rhf8 23. axb5+ Kc5 24. bxc4 Rxf3 25. cxd5 Nxd5 26. Kb2 Rf2+ 27. Kb3 Rfa2 0-1

[Event "London Classic op 8th"]
[Site "London"]
[Date "2016.12.09"]
[Round "1"]
[White "Tirado Parra, Alberto"]
[Black "Stigar, Petter"]
[Result "0-1"]
[WhiteElo "1908"]
[BlackElo "2236"]
[PlyCount "56"]
[EventDate "2016.12.09"]
[EventType "swiss"]
[EventRounds "9"]
[EventCountry "ENG"]
[SourceTitle "CBM 176 Extra"]
[Source "ChessBase"]
[SourceDate "2017.03.02"]
[SourceVersion "1"]
[SourceVersionDate "2017.03.02"]
[SourceQuality "1"]

1. f4 d5 2. Nf3 Nf6 3. e3 Bg4 4. b3 Nbd7 5. Bb2 e6 6. Be2 Bxf3 7. Bxf3 Bd6 8. d4 0-0 9. Nd2 c5 10. c3 cxd4 11. cxd4 Qe7 12. 0-0 Rfc8 13. Rc1 Ba3 14. Bxa3 Qxa3 15. Rc2 Nb6 16. Qc1 Qb4 17. Rc5 Rxc5 18. dxc5 Nbd7 19. c6 bxc6 20. Qxc6 Nb6 21. Rc1 h6 22. Qc2 Rc8 23. Qb2 Rxc1+ 24. Qxc1 d4 25. e4 Qc3 26. Qe1 Nfd7 27. Kf1 Nc5 28. Be2 Qe3 0-1

[Event "La Roda op 42nd"]
[Site "La Roda"]
[Date "2015.04.01"]
[Round "1"]
[White "Tirado Parra, Alberto"]
[Black "Perez Mitjans, Orelvis"]
[Result "0-1"]
[WhiteElo "1927"]
[BlackElo "2463"]
[PlyCount "52"]
[EventDate "2015.04.01"]
[EventType "swiss"]
[EventRounds "9"]
[EventCountry "ESP"]
[SourceTitle "CBM 165 Extra"]
[Source "ChessBase"]
[SourceDate "2015.04.21"]
[SourceVersion "1"]
[SourceVersionDate "2015.04.21"]
[SourceQuality "1"]

1. Nf3 d5 2. c4 c6 3. g3 dxc4 4. Qc2 b5 5. a4 Nf6 6. Bg2 e6 7. 0-0 Bb7 8. b3 cxb3 9. Qxb3 b4 10. Ne5 Qc7 11. d4 c5 12. Bb2 Bxg2 13. Kxg2 Nc6 14. Qf3 Rc8 15. Nd2 Be7 16. Rfc1 0-0 17. Nxc6 Qxc6 18. e4 Rfd8 19. Rc2 Qa6 20. dxc5 Rxc5 21. Rxc5 Bxc5 22. Nb3 Be7 23. Nd4 Rc8 24. Nb5 Qb7 25. e5 Nd5 26. Nd6 Ne3+ 0-1

[Event "Benidorm op U2000 13th"]
[Site "Benidorm"]
[Date "2014.11.30"]
[Round "3"]
[White "Tirado Parra, Alberto"]
[Black "Vila Cairo, Gerard"]
[Result "1-0"]
[WhiteElo "1873"]
[BlackElo "1995"]
[PlyCount "107"]
[EventDate "2014.11.28"]
[EventType "swiss"]
[EventRounds "10"]
[EventCountry "ESP"]
[SourceTitle "CBM 163 Extra"]
[Source "ChessBase"]
[SourceDate "2014.12.23"]
[SourceVersion "1"]
[SourceVersionDate "2014.12.23"]
[SourceQuality "1"]

1. Nf3 Nf6 2. g3 g6 3. Bg2 Bg7 4. d4 0-0 5. c4 c6 6. 0-0 d6 7. Nc3 Nbd7 8. e4 e5 9. h3 a6 10. a4 Qc7 11. Be3 Re8 12. Qc2 exd4 13. Nxd4 Nc5 14. b4 Ne6 15. Nde2 a5 16. b5 Nc5 17. Nd4 Bd7 18. Rad1 Rad8 19. Bf4 Nh5 20. Bg5 Nf6 21. Bf4 Nh5 22. Bg5 Bf6 23. Bxf6 Nxf6 24. Rfe1 Ne6 25. Nb3 Rc8 26. Qd2 cxb5 27. Nxb5 Bxb5 28. cxb5 Nc5 29. Qxd6 Qxd6 30. Rxd6 Nfxe4 31. Bxe4 Nxe4 32. Rd4 Nc3 33. Rxe8+ Rxe8 34. Rc4 Nd1 35. Nxa5 b6 36. Nc6 Re1+ 37. Kg2 Re2 38. Rf4 Ra2 39. Ne7+ Kg7 40. Nd5 f5 41. Nxb6 g5 42. Rf3 g4 43. hxg4 fxg4 44. Rf4 Ne3+ 45. Kh2 h5 46. a5 Nf1+ 47. Kg1 Ra1 48. Kg2 Nd2 49. a6 Nf3 50. Rxf3 gxf3+ 51. Kxf3 Kf7 52. Nd5 Ke6 53. b6 Kd7 54. b7 1-0

[Event "Madrid Codes Memorial 8th"]
[Site "Madrid"]
[Date "2014.03.23"]
[Round "1"]
[White "Savchuk, Olga"]
[Black "Tirado Parra, Alberto"]
[Result "0-1"]
[WhiteElo "1579"]
[BlackElo "1939"]
[PlyCount "66"]
[EventDate "2014.03.23"]
[EventType "swiss"]
[EventRounds "9"]
[EventCountry "ESP"]
[SourceTitle "EXT 2015"]
[Source "ChessBase"]
[SourceDate "2014.11.20"]
[SourceVersion "1"]
[SourceVersionDate "2014.11.20"]
[SourceQuality "1"]

1. e4 d5 2. exd5 Qxd5 3. Nc3 Qa5 4. d4 Nf6 5. Bd2 c6 6. Bc4 Bf5 7. Nd5 Qd8 8. Nxf6+ gxf6 9. Bc3 Nd7 10. Nf3 e6 11. Qd2 h5 12. Qe2 h4 13. h3 Qc7 14. Bd3 Bxd3 15. Qxd3 0-0-0 16. Qe4 f5 17. Qe2 Bg7 18. 0-0-0 Nf6 19. Bd2 Ne4 20. c3 Bf6 21. Rhg1 Rhg8 22. Kc2 Rg6 23. Ne5 Bxe5 24. dxe5 Qa5 25. a3 Qa4+ 26. Kc1 Rd5 27. Bf4 Nxc3 28. bxc3 Qxf4+ 29. Kc2 Qa4+ 30. Kb2 Rb5+ 31. Ka2 Qb3+ 32. Ka1 Qxa3+ 33. Qa2 Qxc3+ 0-1

[Event "Madrid-ch Previa-B"]
[Site "Madrid"]
[Date "2014.03.22"]
[Round "7"]
[White "Tirado Parra, Alberto"]
[Black "Cardena Contreras, Javier"]
[Result "1-0"]
[WhiteElo "1939"]
[BlackElo "1946"]
[PlyCount "153"]
[EventDate "2014.03.06"]
[EventType "swiss"]
[EventRounds "9"]
[EventCountry "ESP"]
[SourceTitle "CBM 159 Extra"]
[Source "ChessBase"]
[SourceDate "2014.04.24"]
[SourceVersion "1"]
[SourceVersionDate "2014.04.24"]
[SourceQuality "1"]

1. Nf3 Nf6 2. c4 e6 3. d4 c5 4. g3 cxd4 5. Nxd4 Nc6 6. Bg2 Bc5 7. Nb3 Be7 8. 0-0 d5 9. cxd5 exd5 10. h3 Bf5 11. Nc3 Be6 12. Be3 b6 13. Rc1 Qd7 14. Kh2 Rd8 15. Nb5 0-0 16. a4 Rc8 17. f4 Rfd8 18. Rxc6 Qxc6 19. Nxa7 Qxa4 20. Nxc8 Rxc8 21. Nd4 Qxd1 22. Rxd1 Bd7 23. Ra1 Bc5 24. Ra7 Re8 25. Bg1 h6 26. Bf3 Rd8 27. Kg2 Ne4 28. Be3 Bc8 29. Nc6 Re8 30. Bxc5 bxc5 31. Ne7+ Kh7 32. Nxd5 Nd6 33. Rc7 c4 34. Nc3 Be6 35. e4 Rb8 36. Nd1 Nb5 37. Re7 Nd4 38. f5 Bc8 39. Rxf7 Rb3 40. Bh5 Bb7 41. Bg6+ Kg8 42. Re7 Bc6 43. Be8 Nxf5 44. Re6 Bxe8 45. exf5 Bf7 46. Rd6 Kf8 47. f6 gxf6 48. Rxf6 Rd3 49. Nc3 Kg7 50. Rf2 Be8 51. g4 Bc6+ 52. Kh2 Re3 53. Rf4 Kg6 54. Rxc4 Ba8 55. b4 Kg5 56. Rc5+ Kf6 57. Nd5+ Bxd5 58. Rxd5 Rb3 59. b5 Kg6 60. Kg2 Kf6 61. Kh2 Kg6 62. Rc5 Kf6 63. Kg2 Kg6 64. Re5 Kf6 65. Rf5+ Kg6 66. Rd5 Kf6 67. Rc5 Kg6 68. h4 Rb2+ 69. Kf3 Rb3+ 70. Ke2 Rh3 71. h5+ Kg7 72. b6 Rb3 73. Rc6 Rb4 74. Rg6+ Kf7 75. Rxh6 Rxg4 76. b7 Rb4 77. Rh8 1-0

[Event "Madrid-ch Previa-B"]
[Site "Madrid"]
[Date "2014.03.14"]
[Round "4"]
[White "Tirado Parra, Alberto"]
[Black "Lianes Garcia, Marcos"]
[Result "0-1"]
[WhiteElo "1939"]
[BlackElo "1837"]
[PlyCount "102"]
[EventDate "2014.03.06"]
[EventType "swiss"]
[EventRounds "9"]
[EventCountry "ESP"]
[SourceTitle "CBM 159 Extra"]
[Source "ChessBase"]
[SourceDate "2014.04.24"]
[SourceVersion "1"]
[SourceVersionDate "2014.04.24"]
[SourceQuality "1"]

1. Nf3 Nf6 2. c4 g6 3. b4 Bg7 4. Bb2 0-0 5. g3 d6 6. d4 c5 7. a3 Qb6 8. Qb3 Nfd7 9. Nc3 cxd4 10. Nd5 Qd8 11. Bxd4 Bxd4 12. Nxd4 Nb6 13. Bg2 Nxd5 14. Bxd5 Qb6 15. e3 Nc6 16. Nxc6 bxc6 17. Bg2 Be6 18. 0-0 a5 19. b5 cxb5 20. Qxb5 Rab8 21. Rab1 Qc7 22. Qa4 Rfc8 23. Bd5 Bd7 24. Qc2 e6 25. Rxb8 Rxb8 26. Bg2 Qc5 27. Qd3 Ba4 28. Rc1 Rb3 29. Rc3 Rb2 30. Qd4 Rb1+ 31. Bf1 Qxd4 32. exd4 Rd1 33. Rd3 Rc1 34. Re3 Bc6 35. h4 d5 36. cxd5 Bxd5 37. f4 Bc4 38. Rf3 Be2 39. Rf2 Bxf1 40. Rxf1 Rc3 41. Kg2 Rxa3 42. h5 a4 43. h6 Rb3 44. Kh3 a3 45. Rc1 Rb8 46. Kg4 f6 47. Ra1 Ra8 48. Kf3 a2 49. g4 Kf7 50. g5 fxg5 51. fxg5 Ke7 0-1

[Event "Madrid-ch"]
[Site "Madrid"]
[Date "2014.03.01"]
[Round "9"]
[White "Barragan Arriaza, Pablo"]
[Black "Tirado Parra, Alberto"]
[Result "0-1"]
[WhiteElo "1361"]
[BlackElo "1939"]
[PlyCount "66"]
[EventDate "2014.02.06"]
[EventType "swiss"]
[EventRounds "9"]
[EventCountry "ESP"]
[SourceTitle "CBM 159 Extra"]
[Source "ChessBase"]
[SourceDate "2014.04.24"]
[SourceVersion "1"]
[SourceVersionDate "2014.04.24"]
[SourceQuality "1"]

1. c4 e5 2. g3 Nc6 3. Bg2 g6 4. Nf3 Bg7 5. Nc3 d6 6. d3 f5 7. Bd2 Nf6 8. 0-0 0-0 9. a3 h6 10. b4 Be6 11. b5 Ne7 12. a4 Qd7 13. a5 b6 14. Nxe5 dxe5 15. Bxa8 Rxa8 16. axb6 cxb6 17. Na4 Rc8 18. Be3 f4 19. Bd2 Bh3 20. Re1 Qb7 21. f3 Ng4 22. Nc3 e4 23. Nxe4 Bd4+ 24. e3 fxe3 25. Bxe3 Nxe3 26. Rxe3 Nf5 27. Kh1 Nxe3 28. Qe2 Bg2+ 29. Kg1 Rf8 30. f4 Re8 31. Qa2 Rxe4 32. dxe4 Qxe4 33. c5+ Kh8 0-1

[Event "Benidorm op U2000 12th"]
[Site "Benidorm"]
[Date "2013.12.01"]
[Round "4"]
[White "Tirado Parra, Alberto"]
[Black "Denisik, Sergei"]
[Result "1/2-1/2"]
[WhiteElo "1900"]
[BlackElo "1956"]
[PlyCount "125"]
[EventDate "2013.11.29"]
[EventType "swiss"]
[EventRounds "10"]
[EventCountry "ESP"]
[SourceTitle "CBM 157 Extra"]
[Source "ChessBase"]
[SourceDate "2013.12.19"]
[SourceVersion "1"]
[SourceVersionDate "2013.12.19"]
[SourceQuality "1"]

1. Nf3 Nf6 2. g3 e6 3. c4 d5 4. b3 Be7 5. Bb2 c5 6. Bg2 Nc6 7. 0-0 0-0 8. cxd5 Nxd5 9. Na3 b6 10. d4 cxd4 11. Nxd4 Nxd4 12. Qxd4 Bf6 13. Qd2 Bxb2 14. Qxb2 Ba6 15. Rfd1 Rc8 16. e4 Qf6 17. Qxf6 Nxf6 18. Rac1 Rxc1 19. Rxc1 Rd8 20. Nc4 Bxc4 21. Rxc4 g6 22. Bf3 Rd2 23. Ra4 a5 24. Kf1 Nd7 25. Ke1 Rb2 26. Rd4 Ne5 27. Be2 Rxa2 28. f4 Nc6 29. Rd6 Nb4 30. g4 Rb2 31. f5 gxf5 32. gxf5 exf5 33. exf5 Kg7 34. Bh5 Nc2+ 35. Kd2 Nd4+ 36. Kc3 Nxf5 37. Rd7 Rxh2 38. Bxf7 Kf6 39. Bd5 Ke5 40. Bg8 Rh3+ 41. Kb2 h5 42. Rd5+ Ke4 43. Rb5 Nd4 44. Bd5+ Ke3 45. Rxb6 Rh2+ 46. Ka3 Nc2+ 47. Ka4 Nb4 48. Bb7 Ra2+ 49. Kb5 Nc2 50. Rh6 Nd4+ 51. Ka6 Nxb3 52. Bd5 a4 53. Rxh5 Kd4 54. Kb5 Ra1 55. Kb4 Nc5 56. Bf7 Nd3+ 57. Kb5 Kc3 58. Rh3 a3 59. Ka4 Kd2 60. Rh2+ Kc1 61. Rh1+ Kb2 62. Rxa1 Kxa1 63. Kxa3 1/2-1/2

[Event "Madrid Codes Memorial 7th"]
[Site "Madrid"]
[Date "2013.06.02"]
[Round "9"]
[White "Crespo Villalba, Israel"]
[Black "Tirado Parra, Alberto"]
[Result "1/2-1/2"]
[WhiteElo "1921"]
[BlackElo "1896"]
[PlyCount "61"]
[EventDate "2013.04.07"]
[EventType "swiss"]
[EventRounds "9"]
[EventCountry "ESP"]
[SourceTitle "EXT 2014"]
[Source "ChessBase"]
[SourceDate "2013.11.20"]
[SourceVersion "1"]
[SourceVersionDate "2013.11.20"]
[SourceQuality "1"]

1. e4 d5 2. exd5 Nf6 3. d4 Bg4 4. Be2 Bxe2 5. Nxe2 Qxd5 6. 0-0 Nc6 7. Nf4 Qxd4 8. Qe2 0-0-0 9. Nc3 Qe5 10. Be3 e6 11. Rad1 Be7 12. Nd3 Qf5 13. f3 h5 14. Qf2 Nd5 15. Nxd5 Rxd5 16. Nf4 Rxd1 17. Rxd1 Bd6 18. Nd3 Kb8 19. b4 b6 20. Qh4 Ne5 21. Ne1 f6 22. Qf2 g5 23. Bxb6 axb6 24. Rxd6 Nc4 25. Rd4 Nd6 26. Rxd6 cxd6 27. Qxb6+ Ka8 28. Qa6+ Kb8 29. Qb6+ Ka8 30. Qa6+ Kb8 31. Qb6+ 1/2-1/2

[Event "Madrid Codes Memorial 7th"]
[Site "Madrid"]
[Date "2013.05.05"]
[Round "5"]
[White "Benitez Cadenas, Luis Miguel"]
[Black "Tirado Parra, Alberto"]
[Result "0-1"]
[WhiteElo "1698"]
[BlackElo "1896"]
[PlyCount "36"]
[EventDate "2013.04.07"]
[EventType "swiss"]
[EventRounds "9"]
[EventCountry "ESP"]
[SourceTitle "EXT 2014"]
[Source "ChessBase"]
[SourceDate "2013.11.20"]
[SourceVersion "1"]
[SourceVersionDate "2013.11.20"]
[SourceQuality "1"]

1. Nf3 Nf6 2. d4 d5 3. c4 dxc4 4. e3 e6 5. Bxc4 Be7 6. 0-0 0-0 7. Qe2 c5 8. Rd1 Qc7 9. Nc3 a6 10. dxc5 Nbd7 11. c6 bxc6 12. Bd2 Bb7 13. Rac1 Rfd8 14. Bd3 Nc5 15. Bb1 a5 16. Be1 Ba6 17. Rxd8+ Rxd8 18. Qc2 Bd3 0-1